000 00754nam a2200253Ia 4500
003 OSt
005 20220926002218.0
006 a|||||r|||| 00| 0
007 ta
008 220923b |||||||| |||| 00| 0 eng d
020 _a8173040699
037 _cGeneral Book
040 _aRTL
_cRTL
_beng
041 _2eng
_aeng
082 _aY5926.2.N9, N4
100 _aYadav K C
_9102013
245 0 _aIndia's unequal citizens
_b A study of other backward classes
260 _a New Delhi
_bManohar Publisher
_c1994
300 _aviii, 426p
_ccm.
500 _aBibliography: P 393-412; Appendix: P 227-392
650 _aScheduled Castes Tribes
942 _hY5926.2.N9, N4
_cGB
_2CC
999 _c604137
_d604137